[Event "Paul Keres mem (27th)"]
[Site "Vancouver CAN"]
[Date "2002.05.18"]
[Round "3.18"]
[White "Pechisker, Alfred"]
[Black "Harris, Philip"]
[Result "0-1"]
[WhiteElo "2106"]
[BlackElo "1982"]
[PlyCount "46"]
[EventDate "2002.05.17"]
[EventType "swiss"]
[EventRounds "7"]
[EventCountry "CAN"]

1. d4 d5 2. c4 e6 3. Nf3 Bb4+ 4. Bd2 Qe7 5. e3 Nf6 6. a3 Bxd2+ 7. Nbxd2 a5 8.
Bd3 O-O 9. O-O Na6 10. Ne5 c5 11. f4 b6 12. g4 Bb7 13. g5 Ne4 14. cxd5 exd5 15.
Bxe4 dxe4 16. Ndc4 f6 17. Nxb6 fxe5 18. Qb3+ Kh8 19. Nxa8 cxd4 20. Nb6 exf4 21.
exf4 e3 22. Qd3 Qe6 23. f5 Qc6 0-1

[Event "Paul Keres mem (27th)"]
[Site "Vancouver CAN"]
[Date "2002.05.18"]
[Round "3.19"]
[White "Mandic, Slaven"]
[Black "Steininger, Gavin"]
[Result "1/2-1/2"]
[WhiteElo "2079"]
[BlackElo "1815"]
[PlyCount "68"]
[EventDate "2002.05.17"]
[EventType "swiss"]
[EventRounds "7"]
[EventCountry "CAN"]

1. b3 e5 2. Bb2 Nc6 3. e3 d5 4. Bb5 Bd6 5. Nf3 f6 6. h3 Nge7 7. c4 Be6 8. Nc3
Qd7 9. d4 e4 10. Nd2 Bb4 11. Rc1 a6 12. Bxc6 bxc6 13. Na4 Rc8 14. a3 Bxd2+ 15.
Qxd2 Rb8 16. Nc5 Qc8 17. Qc2 O-O 18. b4 Bf7 19. cxd5 cxd5 20. Nb3 c6 21. Na5
Be8 22. Qc3 f5 23. Rc2 Qe6 24. Bc1 Bd7 25. Bb2 Qf6 26. Rg1 h5 27. Kd1 Qd6 28.
Qc5 Qxc5 29. Rxc5 Rb5 30. Nb3 Nc8 31. Na5 Rf6 32. Kc2 Ne7 33. Kb3 Rb8 34. Rgc1
g5 1/2-1/2

[Event "Paul Keres mem (27th)"]
[Site "Vancouver CAN"]
[Date "2002.05.18"]
[Round "3.20"]
[White "Lee, Mau Seng"]
[Black "Leblanc, Paul"]
[Result "1-0"]
[WhiteElo "2005"]
[BlackElo "2050"]
[PlyCount "73"]
[EventDate "2002.05.17"]
[EventType "swiss"]
[EventRounds "7"]
[EventCountry "CAN"]

1. Nf3 c6 2. e4 d5 3. Nc3 dxe4 4. Nxe4 Bf5 5. Ng3 Bg6 6. h4 h6 7. Ne5 Bh7 8.
Bc4 e6 9. Qe2 Qe7 10. O-O Nd7 11. d4 Nxe5 12. Qxe5 Nf6 13. Re1 Qd6 14. Qe2 Be7
15. Nh5 Nxh5 16. Qxh5 Bg6 17. Qg4 h5 18. Qe2 Bxh4 19. g3 Bxg3 20. fxg3 Qxg3+
21. Kf1 Bf5 22. Qe3 Qxe3 23. Bxe3 Bxc2 24. Rac1 Bf5 25. Bg5 f6 26. Bf4 Kf7 27.
Kf2 g5 28. Be3 g4 29. Rf1 h4 30. Kg1 g3 31. Rxf5 Rag8 32. Rcf1 Rg6 33. Bg5 Ke8
34. Bxf6 Rh7 35. Bxe6 h3 36. Re1 g2 37. Bg8+ 1-0

[Event "Paul Keres mem (27th)"]
[Site "Vancouver CAN"]
[Date "2002.05.18"]
[Round "3.21"]
[White "Pitre, Hanniegn"]
[Black "Davies, Lucas"]
[Result "1-0"]
[WhiteElo "2007"]
[BlackElo "1905"]
[PlyCount "27"]
[EventDate "2002.05.17"]
[EventType "swiss"]
[EventRounds "7"]
[EventCountry "CAN"]

1. e4 c6 2. d4 d5 3. exd5 cxd5 4. c4 Nf6 5. Nc3 e6 6. Nf3 Bb4 7. Bg5 dxc4 8.
Bxc4 O-O 9. O-O Bxc3 10. bxc3 Qc7 11. Bxf6 Qxc4 12. Ne5 Qd5 13. Qg4 g6 14. Qf4
1-0

[Event "Paul Keres mem (27th)"]
[Site "Vancouver CAN"]
[Date "2002.05.18"]
[Round "3.22"]
[White "Chapman, Erik"]
[Black "Wu, Howard"]
[Result "1/2-1/2"]
[WhiteElo "2055"]
[BlackElo "2222"]
[PlyCount "46"]
[EventDate "2002.05.17"]
[EventType "swiss"]
[EventRounds "7"]
[EventCountry "CAN"]

1. e4 c5 2. Nf3 Nc6 3. c4 g6 4. d4 cxd4 5. Nxd4 Nf6 6. Nc3 Nxd4 7. Qxd4 d6 8.
Be3 Bg7 9. Qd2 O-O 10. Be2 Be6 11. f3 a6 12. O-O Rc8 13. b3 Nd7 14. Rac1 Re8
15. Bd4 Qa5 16. Bxg7 Kxg7 17. f4 f6 18. Qe1 Bf7 19. Bg4 e6 20. Qd2 Rcd8 21.
Rfd1 Nc5 22. Bf3 Qb6 23. Kh1 Qa5 1/2-1/2

[Event "Paul Keres mem (27th)"]
[Site "Vancouver CAN"]
[Date "2002.05.19"]
[Round "4.1"]
[White "Meng, Fanhao"]
[Black "Orlov, Georgi"]
[Result "0-1"]
[WhiteElo "1999"]
[BlackElo "2591"]
[PlyCount "65"]
[EventDate "2002.05.17"]
[EventType "swiss"]
[EventRounds "7"]
[EventCountry "CAN"]

1. e4 g6 2. d4 Bg7 3. Nc3 d6 4. Be3 c6 5. Qd2 b5 6. O-O-O Qa5 7. a3 Nd7 8. Bd3
Ngf6 9. h3 O-O 10. f4 b4 11. Nb1 c5 12. dxc5 dxc5 13. Nf3 Bb7 14. e5 Nd5 15. c4
Nxe3 16. Qxe3 Bxf3 17. gxf3 Rab8 18. Bxg6 fxg6 19. Rxd7 Bh6 20. Qd3 bxa3 21.
Nxa3 Qb4 22. Nb5 a6 23. Qd5+ Kh8 24. Qe6 axb5 25. Qxe7 Qxc4+ 26. Kb1 Qg8 27.
Rhd1 Bxf4 28. Ra7 Rbe8 29. Qb7 Rxe5 30. Qxb5 g5 31. Rdd7 Re1+ 32. Kc2 Rc1+ 33.
Kd3 0-1

[Event "Paul Keres mem (27th)"]
[Site "Vancouver CAN"]
[Date "2002.05.19"]
[Round "4.3"]
[White "Harper, Bruce"]
[Black "Spears, Nicholas"]
[Result "1-0"]
[WhiteElo "2335"]
[BlackElo "2215"]
[PlyCount "144"]
[EventDate "2002.05.17"]
[EventType "swiss"]
[EventRounds "7"]
[EventCountry "CAN"]

1. e4 e5 2. Nf3 Nf6 3. d3 Nc6 4. c3 d5 5. Nbd2 Bc5 6. h3 O-O 7. Be2 Re8 8. Qc2
h6 9. Nf1 a5 10. g4 Nh7 11. Ng3 dxe4 12. Nxe4 Be7 13. Be3 Ng5 14. Nfxg5 Bxg5
15. Nxg5 hxg5 16. Qd2 Qd5 17. f3 f6 18. h4 gxh4 19. Rxh4 Ne7 20. Kf2 Be6 21. a3
Kf7 22. Rah1 Ng6 23. Rh5 Qd6 24. Rh7 Rh8 25. Rxh8 Rxh8 26. Rxh8 Nxh8 27. f4
exf4 28. Bxf4 Qd7 29. g5 Ng6 30. gxf6 gxf6 31. Bg3 c6 32. Qh6 Bf5 33. Qh7+ Ke6
34. Qg8+ Qf7 35. Qxf7+ Kxf7 36. Ke3 Ne5 37. d4 Nd7 38. c4 Be6 39. a4 Ke7 40.
Bc7 b6 41. b3 Bf5 42. Kd2 Be4 43. Kc3 f5 44. b4 axb4+ 45. Kxb4 Bc2 46. Bf3 Be4
47. Bd1 Ke6 48. Kc3 Ke7 49. Kd2 Ke6 50. Bb3 Ke7 51. Ke3 Bb1 52. Kf4 Bd3 53. Ke3
Be4 54. Bd1 Ke6 55. Bf3 Bxf3 56. Kxf3 Kf6 57. Kf4 Ke6 58. Kg5 b5 59. axb5 cxb5
60. d5+ Ke7 61. cxb5 Nf6 62. b6 Ne4+ 63. Kxf5 Nc5 64. Ke5 Kd7 65. Kd4 Nb7 66.
Kc4 Na5+ 67. Kb4 Nb7 68. Kb5 Kc8 69. Bg3 Kd7 70. Ka6 Nc5+ 71. Ka7 Kc8 72. d6
Kd7 1-0

[Event "Paul Keres mem (27th)"]
[Site "Vancouver CAN"]
[Date "2002.05.19"]
[Round "4.4"]
[White "Adam, Valerian"]
[Black "Stanford, Mike"]
[Result "1-0"]
[WhiteElo "2282"]
[BlackElo "2165"]
[PlyCount "55"]
[EventDate "2002.05.17"]
[EventType "swiss"]
[EventRounds "7"]
[EventCountry "CAN"]

1. e4 c5 2. c4 Nc6 3. Ne2 e6 4. Nbc3 Nf6 5. d4 cxd4 6. Nxd4 Bb4 7. Nxc6 bxc6 8.
Qf3 Qa5 9. Bd2 Qe5 10. Bd3 d5 11. cxd5 cxd5 12. O-O Bxc3 13. Bxc3 dxe4 14. Qe3
Qf5 15. Bc2 O-O 16. Bxf6 Qxf6 17. Qxe4 g6 18. Qxa8 Ba6 19. Qxa7 Bxf1 20. Rxf1
Qxb2 21. Bb3 Rc8 22. g3 h5 23. Qb7 Rc5 24. h4 Qe5 25. Qe7 Rc3 26. Qg5 Qe2 27.
Qf4 Rf3 28. Qxf3 1-0

[Event "Paul Keres mem (27th)"]
[Site "Vancouver CAN"]
[Date "2002.05.19"]
[Round "4.5"]
[White "Milicevic, Dragoljub"]
[Black "Fletcher, David"]
[Result "0-1"]
[WhiteElo "2277"]
[BlackElo "2137"]
[PlyCount "79"]
[EventDate "2002.05.17"]
[EventType "swiss"]
[EventRounds "7"]
[EventCountry "CAN"]

1. Nf3 d5 2. g3 Bg4 3. Bg2 Bxf3 4. exf3 e6 5. f4 g6 6. O-O Ne7 7. Re1 Bg7 8. d4
O-O 9. c3 Nd7 10. Be3 h5 11. Nd2 c6 12. a4 Nf5 13. b4 Nf6 14. h3 Rc8 15. g4
Nxe3 16. fxe3 Qc7 17. Rf1 b6 18. Nb3 hxg4 19. hxg4 Nd7 20. Rc1 c5 21. c4 cxb4
22. cxd5 Qd6 23. Rc6 Rxc6 24. dxc6 Nb8 25. Qf3 Na6 26. Rc1 Nc7 27. Rc4 a5 28.
Qf2 f5 29. Rc2 Rc8 30. Bf1 Kf7 31. Nd2 Nd5 32. Nc4 Qc7 33. Ne5+ Bxe5 34. fxe5
b3 35. Rc1 b2 36. Qxb2 Nxe3 37. Ba6 Rh8 38. Qa3 Nd5 39. Be2 Qd8 40. c7 0-1

[Event "Paul Keres mem (27th)"]
[Site "Vancouver CAN"]
[Date "2002.05.19"]
[Round "4.6"]
[White "Oszvald, Joseph"]
[Black "Pupols, Viktors"]
[Result "1/2-1/2"]
[WhiteElo "2156"]
[BlackElo "2261"]
[PlyCount "88"]
[EventDate "2002.05.17"]
[EventType "swiss"]
[EventRounds "7"]
[EventCountry "CAN"]

1. e4 c6 2. d4 d5 3. exd5 cxd5 4. c4 Nf6 5. Nc3 Nc6 6. Bg5 Be6 7. c5 Ne4 8.
Nxe4 dxe4 9. Be3 g6 10. Qa4 Bg7 11. Bb5 O-O 12. Ne2 Bd7 13. O-O a6 14. Bxc6
Bxc6 15. Qc2 Bb5 16. Rfe1 Bxe2 17. Rxe2 Qd5 18. Rd2 f5 19. g3 h6 20. h4 Kh7 21.
b4 Bf6 22. Rc1 g5 23. hxg5 hxg5 24. Qc4 Rfd8 25. a4 Kg6 26. Qxd5 Rxd5 27. b5
axb5 28. axb5 Kf7 29. Rc4 Ke6 30. Re2 f4 31. gxf4 gxf4 32. Bxf4 Bxd4 33. Rxd4
Rxd4 34. c6 Kf5 35. cxb7 Rg8+ 36. Bg3 e5 37. Rc2 Rdd8 38. Rc5 Rge8 39. Bxe5
Rxe5 40. Rc8 Ree8 41. b8=Q Rxc8 42. Qa7 Rc1+ 43. Kg2 Rg8+ 44. Kh2 Rh8+ 1/2-1/2

[Event "Paul Keres mem (27th)"]
[Site "Vancouver CAN"]
[Date "2002.05.19"]
[Round "4.7"]
[White "Shamilov, Eduard"]
[Black "Boehmer, Kris"]
[Result "0-1"]
[WhiteElo "2239"]
[BlackElo "2110"]
[PlyCount "44"]
[EventDate "2002.05.17"]
[EventType "swiss"]
[EventRounds "7"]
[EventCountry "CAN"]

1. e4 c5 2. Nf3 Nc6 3. d4 cxd4 4. Nxd4 g6 5. Be3 Nf6 6. Nc3 Bg7 7. Nxc6 bxc6 8.
e5 Ng8 9. f4 Nh6 10. Bc4 O-O 11. O-O d6 12. exd6 exd6 13. Bb3 Re8 14. Qd2 Ba6
15. Rfe1 Ng4 16. Rad1 Rxe3 17. Rxe3 Qb6 18. Na4 Qxe3+ 19. Qxe3 Nxe3 20. Rxd6
Re8 21. Kf2 Nf5 22. Rd7 Bd4+ 0-1

[Event "Paul Keres mem (27th)"]
[Site "Vancouver CAN"]
[Date "2002.05.19"]
[Round "4.8"]
[White "Salcedo, Daniel"]
[Black "Jiganchine, Roman"]
[Result "0-1"]
[WhiteElo "2046"]
[BlackElo "2224"]
[PlyCount "75"]
[EventDate "2002.05.17"]
[EventType "swiss"]
[EventRounds "7"]
[EventCountry "CAN"]

1. d4 d5 2. c4 dxc4 3. Nf3 Nf6 4. e3 e6 5. Bxc4 c5 6. O-O a6 7. Qe2 b5 8. Bb3
Bb7 9. Rd1 Nbd7 10. Bc2 cxd4 11. exd4 Be7 12. Ne5 O-O 13. Bf4 Rc8 14. Nc3 Nb6
15. Bg5 Nbd5 16. Nxd5 Nxd5 17. Be3 Bd6 18. Rac1 Qh4 19. Qg4 Qxg4 20. Nxg4 f6
21. Bd2 Nf4 22. Bxf4 Bxf4 23. Ne3 Rfd8 24. Bb3 Rxc1 25. Rxc1 Kf7 26. g3 Bb8 27.
Rd1 Bf3 28. Rd2 Ba7 29. d5 Ke7 30. Rc2 Bxe3 31. fxe3 Bxd5 32. Bxd5 Rxd5 33. Kf2
Kd6 34. Kf3 Rc5 35. Rd2+ Kc7 36. h4 Rc4 37. e4 e5 38. a3 0-1

[Event "Paul Keres mem (27th)"]
[Site "Vancouver CAN"]
[Date "2002.05.19"]
[Round "4.9"]
[White "Fleming, Balin"]
[Black "Beqo, Nick"]
[Result "0-1"]
[WhiteElo "1843"]
[BlackElo "2151"]
[PlyCount "90"]
[EventDate "2002.05.17"]
[EventType "swiss"]
[EventRounds "7"]
[EventCountry "CAN"]

1. e4 Nf6 2. e5 Nd5 3. d4 d6 4. c4 Nb6 5. f4 dxe5 6. fxe5 Bf5 7. Be3 Nc6 8. Nf3
Nb4 9. Na3 e6 10. Be2 Be7 11. O-O Qd7 12. Qb3 Qa4 13. Qc3 a6 14. Bd1 Qc6 15. d5
N4xd5 16. cxd5 Qxc3 17. bxc3 Bxa3 18. Bxb6 cxb6 19. Nd4 Bd3 20. dxe6 fxe6 21.
Nxe6 Ke7 22. Bb3 Bxf1 23. Rxf1 g6 24. g3 Rac8 25. Nf4 Rc6 26. Nd5+ Kd8 27. Nf6
Rxc3 28. Rd1+ Kc8 29. Rd7 Rc7 30. e6 Rxd7 31. exd7+ Kd8 32. Be6 b5 33. Ng8 h5
34. Kg2 g5 35. Kf3 Bd6 36. h3 g4+ 37. hxg4 hxg4+ 38. Kxg4 Rh7 39. Kf3 Rg7 40.
g4 a5 41. Nh6 Bc7 42. Ke4 b4 43. Kd4 Rg6 44. Nf7+ Ke7 45. Bb3 Rxg4+ 0-1

[Event "Paul Keres mem (27th)"]
[Site "Vancouver CAN"]
[Date "2002.05.19"]
[Round "4.10"]
[White "Wright, Stephen"]
[Black "Harris, Philip"]
[Result "1-0"]
[WhiteElo "2154"]
[BlackElo "1982"]
[PlyCount "69"]
[EventDate "2002.05.17"]
[EventType "swiss"]
[EventRounds "7"]
[EventCountry "CAN"]

1. c4 e5 2. g3 Nc6 3. Bg2 d6 4. Nc3 f5 5. d3 g6 6. e4 Bg7 7. Nge2 Nf6 8. O-O
O-O 9. f3 h6 10. Be3 Kh7 11. Qd2 Be6 12. b3 Nh5 13. exf5 gxf5 14. f4 Qd7 15. d4
Nd8 16. dxe5 dxe5 17. Qxd7 Bxd7 18. fxe5 Re8 19. Rad1 Bc8 20. Nf4 Bxe5 21. Nxh5
Bxc3 22. Bd4 Bxd4+ 23. Rxd4 Kg6 24. Nf4+ Kg7 25. Rfd1 Ne6 26. Nxe6+ Rxe6 27.
Rd8 c6 28. Kf2 Kf7 29. Rh8 Re8 30. Rxh6 Kg7 31. Rdd6 Bd7 32. Bf3 Rad8 33. Bh5
Rf8 34. Rdg6+ Kf7 35. Rh7+ 1-0

[Event "Paul Keres mem (27th)"]
[Site "Vancouver CAN"]
[Date "2002.05.19"]
[Round "4.11"]
[White "North, Robert"]
[Black "Schuetzhold, Ralf"]
[Result "1/2-1/2"]
[WhiteElo "2125"]
[BlackElo "2153"]
[PlyCount "92"]
[EventDate "2002.05.17"]
[EventType "swiss"]
[EventRounds "7"]
[EventCountry "CAN"]

1. c4 e6 2. g3 d5 3. Bg2 f5 4. Nf3 Nf6 5. d4 c6 6. O-O Bd6 7. b3 O-O 8. Bb2
Nbd7 9. Ne5 Qc7 10. f4 Ne4 11. Nd2 Nxd2 12. Qxd2 Nf6 13. Nd3 Ne4 14. Qc2 Qe7
15. Nf2 Bd7 16. Nxe4 fxe4 17. c5 Bc7 18. b4 a6 19. Rfb1 g5 20. e3 gxf4 21. exf4
Kh8 22. Bxe4 dxe4 23. d5+ Kg8 24. d6 Bxd6 25. cxd6 Qxd6 26. Qxe4 Qd5 27. Qe5
Qxe5 28. Bxe5 Rad8 29. Rd1 Bc8 30. Kf2 Rd5 31. Rxd5 exd5 32. Kf3 h5 33. a4 Bd7
34. a5 Kf7 35. Ke3 Re8 36. Kd4 Kg6 37. Kc5 Kf5 38. Kd6 Bc8 39. Kc7 Kg4 40. Rf1
Bf5 41. Kxb7 Bd3 42. Rf2 Bb5 43. Kc7 Rf8 44. Kd6 Kf5 45. Ke7 Rg8 46. Kf7 Rd8
1/2-1/2

[Event "Paul Keres mem (27th)"]
[Site "Vancouver CAN"]
[Date "2002.05.19"]
[Round "4.12"]
[White "Tegzes, Laszlo"]
[Black "Long, Hugh"]
[Result "1-0"]
[WhiteElo "2331"]
[BlackElo "1943"]
[PlyCount "73"]
[EventDate "2002.05.17"]
[EventType "swiss"]
[EventRounds "7"]
[EventCountry "CAN"]

1. e4 d5 2. exd5 Nf6 3. d4 Nxd5 4. Nf3 Bg4 5. Be2 e6 6. O-O Be7 7. Ne5 Bxe2 8.
Qxe2 O-O 9. c4 Nf6 10. Rd1 c6 11. Nc3 h6 12. Bf4 Qc7 13. Ng6 Bd6 14. Bxd6 Qxd6
15. Nxf8 Kxf8 16. Ne4 Qf4 17. Nxf6 Qxf6 18. d5 cxd5 19. cxd5 exd5 20. Rxd5 Nc6
21. Re1 Rd8 22. Rxd8+ Qxd8 23. Qe4 g6 24. h3 Qf6 25. b3 Qb2 26. Qe2 Qc3 27. Qe3
Qxe3 28. Rxe3 Nb4 29. Re2 Nc6 30. Kf1 h5 31. Ke1 Nb4 32. Re4 a5 33. Kd2 b6 34.
a3 Nc6 35. b4 a4 36. Rc4 Ke7 37. Rxc6 1-0

[Event "Paul Keres mem (27th)"]
[Site "Vancouver CAN"]
[Date "2002.05.19"]
[Round "4.13"]
[White "Pacheco, Sigfrido"]
[Black "Pitre, Hanniegn"]
[Result "1-0"]
[WhiteElo "1944"]
[BlackElo "2007"]
[PlyCount "89"]
[EventDate "2002.05.17"]
[EventType "swiss"]
[EventRounds "7"]
[EventCountry "CAN"]

1. d4 Nf6 2. c4 g6 3. Nc3 d5 4. Nf3 Bg7 5. Qb3 dxc4 6. Qxc4 O-O 7. e4 a6 8. Bf4
b5 9. Qc5 Bb7 10. Bd3 Nc6 11. d5 Nd7 12. Qe3 Nde5 13. Nxe5 Nxe5 14. Be2 Qd7 15.
Qg3 f6 16. O-O b4 17. Nd1 a5 18. Bxe5 fxe5 19. Bg4 Qd6 20. Rc1 Rf4 21. f3 a4
22. Ne3 Qb6 23. Rfe1 Kh8 24. Kh1 b3 25. a3 Bf6 26. Nc4 Qa7 27. Red1 Ba6 28. Qe1
Bxc4 29. Rxc4 h5 30. Be6 h4 31. Rdc1 g5 32. h3 Kg7 33. Rxc7 Qd4 34. R7c3 Rb8
35. Rd1 Qa7 36. Qg1 Qxg1+ 37. Kxg1 g4 38. Bxg4 Kg6 39. Rc6 Kg5 40. d6 Rxg4 41.
hxg4 exd6 42. Rcxd6 Be7 43. Re6 Bxa3 44. bxa3 Kf4 45. Kf2 1-0

[Event "Paul Keres mem (27th)"]
[Site "Vancouver CAN"]
[Date "2002.05.19"]
[Round "4.14"]
[White "McCusky, Louis"]
[Black "Lee, Mau Seng"]
[Result "0-1"]
[WhiteElo "1576"]
[BlackElo "2005"]
[PlyCount "104"]
[EventDate "2002.05.17"]
[EventType "swiss"]
[EventRounds "7"]
[EventCountry "CAN"]

1. Nf3 d5 2. g3 Nf6 3. Bg2 g6 4. O-O Bg7 5. d3 O-O 6. Nbd2 Re8 7. Re1 c6 8. e4
dxe4 9. Nxe4 Nbd7 10. c3 Qb6 11. Ned2 Ng4 12. Re2 Ndf6 13. h3 Nh6 14. Nc4 Qd8
15. Bxh6 Bxh6 16. Nce5 Be6 17. Nd4 Bd5 18. Ndf3 Qc7 19. g4 Bf4 20. Qa4 Bxf3 21.
Nxf3 Bd6 22. Rae1 Nd5 23. Ne5 e6 24. Bxd5 cxd5 25. d4 Kg7 26. Qd7 Bxe5 27. Qxc7
Bxc7 28. Kg2 Bf4 29. Kf3 g5 30. b4 Rac8 31. Rc2 Rc4 32. Rd1 Rec8 33. Rd3 Rxb4
34. h4 h6 35. h5 Rbc4 36. Ke2 b5 37. a3 a5 38. Rb2 Rxc3 39. Rxb5 Rc2+ 40. Kf1
a4 41. Rb4 R8c4 42. Rb1 Rc1+ 43. Rxc1 Rxc1+ 44. Kg2 Kf6 45. Kh3 Ke7 46. Kg2 Kd6
47. f3 Kc6 48. Kf2 Kb5 49. Ke2 Kc4 50. Rd2 Bxd2 51. Kxd2 Rc3 52. f4 gxf4 0-1

[Event "Paul Keres mem (27th)"]
[Site "Vancouver CAN"]
[Date "2002.05.19"]
[Round "4.15"]
[White "Fullbrook, Nigel"]
[Black "Krzyzowski, Ernest"]
[Result "1-0"]
[WhiteElo "2207"]
[BlackElo "1787"]
[PlyCount "43"]
[EventDate "2002.05.17"]
[EventType "swiss"]
[EventRounds "7"]
[EventCountry "CAN"]

1. e4 Nf6 2. e5 Nd5 3. c4 Nb6 4. d4 d6 5. exd6 cxd6 6. Nc3 g6 7. Bd3 Bg7 8.
Nge2 Nc6 9. Be3 O-O 10. O-O Nb4 11. b3 Nxd3 12. Qxd3 Bf5 13. Qd2 e5 14. Rfd1
Rc8 15. Rac1 Re8 16. dxe5 dxe5 17. Nb5 Qf6 18. Bg5 Qe6 19. Nd6 f6 20. Nxe8 fxg5
21. Nxg7 Kxg7 22. Qxg5 1-0

[Event "Paul Keres mem (27th)"]
[Site "Vancouver CAN"]
[Date "2002.05.19"]
[Round "4.16"]
[White "Steininger, Gavin"]
[Black "Bau, Edmund"]
[Result "0-1"]
[WhiteElo "1815"]
[BlackElo "2087"]
[PlyCount "53"]
[EventDate "2002.05.17"]
[EventType "swiss"]
[EventRounds "7"]
[EventCountry "CAN"]

1. d4 c5 2. d5 d6 3. c4 e6 4. Nc3 exd5 5. Nxd5 Nf6 6. g3 Nxd5 7. Qxd5 Nc6 8.
Bg2 Be6 9. Qe4 Be7 10. b3 Bf6 11. Rb1 Bc3+ 12. Bd2 Bxd2+ 13. Kxd2 Qa5+ 14. Kc1
O-O 15. a4 d5 16. Qc2 Rad8 17. cxd5 Bxd5 18. Bxd5 Rxd5 19. Nf3 Rfd8 20. e3 Nb4
21. Qe2 Nd3+ 22. Kc2 Ne5 23. Rbc1 Nxf3 24. Qxf3 Rd2+ 25. Kb1 Qb4 26. e4 R8d3
27. Qxd3 0-1

[Event "Paul Keres mem (27th)"]
[Site "Vancouver CAN"]
[Date "2002.05.19"]
[Round "4.17"]
[White "Sullivan, Brian"]
[Black "Mandic, Slaven"]
[Result "0-1"]
[WhiteElo "1866"]
[BlackElo "2079"]
[PlyCount "74"]
[EventDate "2002.05.17"]
[EventType "swiss"]
[EventRounds "7"]
[EventCountry "CAN"]

1. e4 b6 2. d4 Bb7 3. Nc3 e6 4. Be3 Bb4 5. f3 Nf6 6. Bd3 d5 7. e5 Nfd7 8. a3
Bxc3+ 9. bxc3 c5 10. Nh3 c4 11. Be2 h6 12. O-O Nc6 13. a4 Qe7 14. f4 g6 15. Qe1
O-O-O 16. Bc1 f5 17. exf6 Nxf6 18. Ba3 Qg7 19. Nf2 Rhe8 20. Ng4 Nxg4 21. Bxg4
Kb8 22. Qg3 Ka8 23. Rfe1 Bc8 24. Bf3 Qf6 25. a5 Nxa5 26. Reb1 Rd7 27. Rb5 Qf5
28. Bb4 Ba6 29. Rbxa5 bxa5 30. Rxa5 Bc8 31. Qf2 Red8 32. Rc5 Bb7 33. g4 Qxf4
34. Ra5 Rf7 35. Kg2 h5 36. h3 hxg4 37. hxg4 Rh8 0-1

[Event "Paul Keres mem (27th)"]
[Site "Vancouver CAN"]
[Date "2002.05.19"]
[Round "4.18"]
[White "Yousefzadeh, Mehrdad"]
[Black "Stephens, Desmond"]
[Result "1/2-1/2"]
[WhiteElo "2041"]
[BlackElo "1787"]
[PlyCount "80"]
[EventDate "2002.05.17"]
[EventType "swiss"]
[EventRounds "7"]
[EventCountry "CAN"]

1. d4 e6 2. c4 Nf6 3. Nc3 d5 4. Bg5 Be7 5. e3 c6 6. Nf3 Nbd7 7. Rc1 O-O 8. a3
c5 9. cxd5 Nxd5 10. Bxe7 Nxe7 11. Bd3 cxd4 12. Nxd4 Nf6 13. O-O a6 14. Qe2 b5
15. Ne4 Nxe4 16. Bxe4 Rb8 17. Rc5 g6 18. Rfc1 Bb7 19. Bxb7 Rxb7 20. Qf3 Rd7 21.
h4 Qa5 22. Qg3 Qd8 23. h5 Nf5 24. Nxf5 Rd1+ 25. Rxd1 Qxd1+ 26. Kh2 exf5 27.
Rxf5 Qe2 28. hxg6 hxg6 29. Rf6 Qxb2 30. Rxa6 Qh8+ 31. Qh3 Qe5+ 32. f4 Qc3 33.
f5 Qe5+ 34. Kg1 Rc8 35. fxg6 Rc1+ 36. Kf2 Rc2+ 37. Kf3 Qd5+ 38. Kg3 Qe5+ 39.
Kf3 Qd5+ 40. Kg3 Qe5+ 1/2-1/2

[Event "Paul Keres mem (27th)"]
[Site "Vancouver CAN"]
[Date "2002.05.19"]
[Round "4.21"]
[White "Wu, Howard"]
[Black "Daswani, Benedict"]
[Result "1-0"]
[WhiteElo "2222"]
[BlackElo "1784"]
[PlyCount "33"]
[EventDate "2002.05.17"]
[EventType "swiss"]
[EventRounds "7"]
[EventCountry "CAN"]

1. e4 c5 2. Nf3 e6 3. d4 d5 4. exd5 exd5 5. Nbd2 Nc6 6. dxc5 Bxc5 7. Nb3 Bb6 8.
Bd3 Nge7 9. O-O O-O 10. Bg5 Qc7 11. Bh4 Bg4 12. Bxh7+ Kh8 13. Bd3 g6 14. Bf6+
Kg8 15. h3 Bd7 16. Ng5 a5 17. Qh5 1-0

[Event "Paul Keres mem (27th)"]
[Site "Vancouver CAN"]
[Date "2002.05.19"]
[Round "4.22"]
[White "Leblanc, Paul"]
[Black "Pechisker, Alfred"]
[Result "0-1"]
[WhiteElo "2050"]
[BlackElo "2106"]
[PlyCount "66"]
[EventDate "2002.05.17"]
[EventType "swiss"]
[EventRounds "7"]
[EventCountry "CAN"]

1. d4 Nf6 2. Nf3 c5 3. c3 cxd4 4. cxd4 g6 5. g3 Bg7 6. Bg2 O-O 7. O-O d6 8. Nc3
Nc6 9. d5 Na5 10. Qd3 Bg4 11. Nd4 Rc8 12. h3 Bd7 13. b3 e5 14. dxe6 fxe6 15.
Ba3 Ne8 16. Rac1 a6 17. Ne4 d5 18. Nc5 Rxc5 19. Bxc5 Rf7 20. Qe3 Qf6 21. Bb6
Nc6 22. Nxc6 Bxc6 23. Rfd1 Nd6 24. h4 h5 25. Ba5 Nf5 26. Qg5 Nd4 27. Qxf6 Bxf6
28. Rd2 Bb5 29. Bf1 Kg7 30. Rcd1 Nc6 31. e3 Nxa5 32. Bxb5 axb5 33. Rc1 Nc6 0-1

[Event "Paul Keres mem (27th)"]
[Site "Vancouver CAN"]
[Date "2002.05.19"]
[Round "4.23"]
[White "Davies, Lucas"]
[Black "Chapman, Erik"]
[Result "1/2-1/2"]
[WhiteElo "1905"]
[BlackElo "2055"]
[PlyCount "77"]
[EventDate "2002.05.17"]
[EventType "swiss"]
[EventRounds "7"]
[EventCountry "CAN"]

1. e4 c5 2. Nc3 Nc6 3. g3 e5 4. Bg2 d6 5. d3 g6 6. f4 Bg7 7. Nf3 f6 8. O-O Bg4
9. h3 Be6 10. g4 h5 11. f5 gxf5 12. gxf5 Bf7 13. Nh4 Nge7 14. Be3 Kd7 15. Ne2
Bh6 16. Bxh6 Rxh6 17. c4 Qg8 18. Kh1 Nd4 19. Nxd4 exd4 20. Qd2 Qg5 21. Qf2 Rg8
22. Nf3 Qg3 23. Qxg3 Rxg3 24. Kh2 Rg7 25. h4 Nc6 26. a3 Rh8 27. Rg1 Rhg8 28.
Bh3 Ne5 29. Nxe5+ dxe5 30. Rxg7 Rxg7 31. Rg1 Rxg1 32. Kxg1 Kc6 33. Kf2 b5 34.
b3 Kb6 35. Bf1 bxc4 36. dxc4 a5 37. a4 Be8 38. Ke2 Kc7 39. Kf3 1/2-1/2

[Event "Paul Keres mem (27th)"]
[Site "Vancouver CAN"]
[Date "2002.05.19"]
[Round "5.2"]
[White "Yoos, John"]
[Black "Harper, Bruce"]
[Result "1/2-1/2"]
[WhiteElo "2430"]
[BlackElo "2335"]
[PlyCount "104"]
[EventDate "2002.05.17"]
[EventType "swiss"]
[EventRounds "7"]
[EventCountry "CAN"]

1. e4 g6 2. d4 d6 3. Nc3 Bg7 4. Be3 c6 5. Qd2 b5 6. Nf3 Nd7 7. Bd3 a6 8. a4 b4
9. Ne2 a5 10. Ng3 Qc7 11. O-O e6 12. Rfe1 Ne7 13. Bh6 O-O 14. Bxg7 Kxg7 15. e5
d5 16. Qg5 Ng8 17. Nh5+ Kh8 18. Nf4 Qd8 19. Qg3 Ba6 20. Bxa6 Rxa6 21. Ng5 Qe7
22. h4 c5 23. c3 bxc3 24. bxc3 Rb6 25. h5 Kg7 26. Nxh7 Kxh7 27. hxg6+ fxg6 28.
Qxg6+ Kh8 29. Qh5+ Qh7 30. Ng6+ Kg7 31. Qxh7+ Kxh7 32. Nxf8+ Nxf8 33. Rab1 Rc6
34. Rb7+ Kh6 35. Re3 Ng6 36. Rh3+ Kg5 37. Rg3+ Kh6 38. f4 N8e7 39. Rh3+ Kg7 40.
g4 cxd4 41. cxd4 Rc1+ 42. Kf2 Rc2+ 43. Ke1 Kg8 44. Rg3 Rc6 45. Rf3 Nh4 46. Rfb3
Kf8 47. Kf2 Nhg6 48. Kg3 Rc1 49. Rf3 Rg1+ 50. Kh3 Rh1+ 51. Kg3 Rg1+ 52. Kh3
Rh1+ 1/2-1/2